Statistics for Hrvatski gradovi na slovo B

Click here to take the quiz!

General Stats

  • This quiz has been taken 98 times
  • The average score is 4 of 8

Answer Stats

Answer% Correct
Bjelovar
93%
Biograd na Moru
67%
Beli Manastir
53%
Bakar
43%
Buzet
42%
Benkovac
41%
Belišće
34%
Buje
33%

Score Distribution

Percentile by Number Answered

Percent of People with Each Score

Your Score History

You have not taken this quiz